[Event "Berks & Bucks op"]
[Site "Maidenhead"]
[Date "2024.08.26"]
[Round "5"]
[White "Chris Biju, Calvin"]
[Black "Terler, Bohdan"]
[Result "1/2-1/2"]
[WhiteElo "2008"]
[BlackElo "2041"]
[PlyCount "130"]
[EventDate "2024.08.24"]
[EventType "swiss"]
[EventRounds "6"]
[EventCountry "ENG"]
[SourceTitle "CB36_2024"]
[SourceDate "2024.09.04"]
[SourceVersion "1"]
[SourceVersionDate "2024.09.04"]
[SourceQuality "1"]

1. f4 d5 2. Nf3 Nf6 3. e3 Bf5 4. b3 e6 5. Bb2 h6 6. Bd3 Bxd3 7. cxd3 c5 8. Nc3 Nc6 9. 0-0 Be7 10. Ne2 0-0 11. Ne5 Rc8 12. Rf3 Nd7 13. Rh3 Qc7 14. Nxd7 Qxd7 15. Ng3 f5 16. Nh5 g6 17. Qf3 d4 18. Ng3 Kh7 19. Re1 Bf6 20. e4 Bg7 21. Ne2 e5 22. exf5 Qxf5 23. g4 Qd7 24. g5 exf4 25. gxh6 Be5 26. Kh1 Qf5 27. Ng1 g5 28. Rh5 Rg8 29. h4 Rcf8 30. Nh3 g4 31. Rxf5 gxf3 32. Rxf8 Rxf8 33. Ng5+ Kxh6 34. Nxf3 Rf5 35. b4 b6 36. bxc5 bxc5 37. Ba3 Kh5 38. Bxc5 Bg7 39. Bd6 Kg4 40. Kg2 Rd5 41. Ba3 Ne5 42. Nxe5+ Bxe5 43. Re4 Kxh4 44. Kf3 Kg5 45. Be7+ Kf5 46. Bf8 Ra5 47. a3 Rb5 48. Re1 Rb3 49. Ke2 Rb8 50. Bc5 Rh8 51. Rf1 Rh2+ 52. Rf2 Rh7 53. Rf1 a6 54. a4 Rh3 55. Rf3 Rh1 56. Rf1 Rh4 57. Be7 Rh8 58. Bc5 Rc8 59. Bb6 Rh8 60. Bc5 Rh4 61. Be7 Rh6 62. Bc5 Rc6 63. Rc1 Rh6 64. Rf1 Rh7 65. a5 Rh2+ 1/2-1/2

[Event "Berks & Bucks op"]
[Site "Maidenhead"]
[Date "2024.08.25"]
[Round "3"]
[White "Chris Biju, Calvin"]
[Black "Rogers, Timothy"]
[Result "1-0"]
[WhiteElo "2008"]
[BlackElo "2078"]
[PlyCount "63"]
[EventDate "2024.08.24"]
[EventType "swiss"]
[EventRounds "6"]
[EventCountry "ENG"]
[SourceTitle "CB36_2024"]
[SourceDate "2024.09.04"]
[SourceVersion "1"]
[SourceVersionDate "2024.09.04"]
[SourceQuality "1"]

1. d4 d5 2. c4 e6 3. Nf3 Nf6 4. g3 Be7 5. Bg2 0-0 6. 0-0 dxc4 7. Ne5 Nc6 8. Nxc6 bxc6 9. e3 Nd5 10. Qc2 Ba6 11. Rd1 Rb8 12. a3 Qd7 13. e4 Nf6 14. h3 Rfd8 15. Be3 c5 16. Nc3 Qc6 17. d5 exd5 18. exd5 Qb6 19. b4 cxb3 20. Qb2 Qa5 21. Rac1 c4 22. a4 Bb7 23. Rd4 Bc5 24. Rxc4 Bxe3 25. fxe3 Nxd5 26. Nxd5 Bxd5 27. Rc5 Qb6 28. Bxd5 h5 29. Bxf7+ Kf8 30. Bxh5 Rd6 31. a5 Qa6 32. Be2 1-0

[Event "BCF-ch Major"]
[Site "Hull"]
[Date "2024.08.02"]
[Round "7"]
[White "Rastogi, Nayan Keats"]
[Black "Chris Biju, Calvin"]
[Result "1-0"]
[WhiteElo "1859"]
[BlackElo "2008"]
[PlyCount "67"]
[EventDate "2024.07.27"]
[EventType "swiss"]
[EventRounds "9"]
[EventCountry "ENG"]
[SourceTitle "CB32_2024"]
[SourceDate "2024.08.08"]
[SourceVersion "1"]
[SourceVersionDate "2024.08.08"]
[SourceQuality "1"]

1. e4 e6 2. d4 d5 3. Nc3 Nf6 4. e5 Nfd7 5. f4 c5 6. Nf3 Nc6 7. Be3 a6 8. Qd2 b5 9. a3 Qb6 10. Ne2 a5 11. dxc5 Bxc5 12. Ned4 Nxd4 13. Nxd4 Ba6 14. b4 axb4 15. axb4 Bf8 16. Nxb5 Qb7 17. Rxa6 Rxa6 18. Nc7+ Qxc7 19. Bxa6 Qb8 20. c3 Be7 21. 0-0 f6 22. exf6 Nxf6 23. Qd4 0-0 24. Qe5 Qd6 25. Qxd6 Bxd6 26. Bd4 Ne4 27. g3 Nd2 28. Rf2 Nb3 29. Be5 Bxe5 30. fxe5 Ra8 31. Bb5 Nc1 32. Bd7 Ra6 33. Rc2 Nd3 34. Bb5 1-0

[Event "BCF-ch AM op"]
[Site "Hull"]
[Date "2024.08.01"]
[Round "4"]
[White "Faulkner, Martin J"]
[Black "Chris Biju, Calvin"]
[Result "1-0"]
[WhiteElo "1803"]
[BlackElo "2008"]
[PlyCount "47"]
[EventDate "2024.07.29"]
[EventType "swiss"]
[EventRounds "6"]
[EventCountry "ENG"]
[SourceTitle "CB32_2024"]
[SourceDate "2024.08.08"]
[SourceVersion "1"]
[SourceVersionDate "2024.08.08"]
[SourceQuality "1"]

1. c4 e6 2. g3 f5 3. Bg2 Nf6 4. Nf3 Be7 5. 0-0 0-0 6. Nc3 d6 7. d3 Qe8 8. b4 Nbd7 9. a4 Qh5 10. a5 Ng4 11. h3 Nge5 12. a6 c6 13. Nd4 Rf6 14. e3 Qxd1 15. Rxd1 d5 16. b5 Nb6 17. f4 Nf7 18. axb7 Bxb7 19. bxc6 Bc8 20. cxd5 Bb4 21. Bb2 Bxc3 22. Bxc3 Nxd5 23. Bd2 Nd6 24. e4 1-0

[Event "BCF-ch AM op"]
[Site "Hull"]
[Date "2024.07.31"]
[Round "3"]
[White "Chris Biju, Calvin"]
[Black "Neenan, Henry"]
[Result "0-1"]
[WhiteElo "2008"]
[BlackElo "1793"]
[PlyCount "74"]
[EventDate "2024.07.29"]
[EventType "swiss"]
[EventRounds "6"]
[EventCountry "ENG"]
[SourceTitle "CB32_2024"]
[SourceDate "2024.08.08"]
[SourceVersion "1"]
[SourceVersionDate "2024.08.08"]
[SourceQuality "1"]

1. f4 d5 2. b3 Bg4 3. h3 Bh5 4. g4 e5 5. Bg2 Bg6 6. fxe5 Be7 7. Nf3 Bh4+ 8. Kf1 Nc6 9. Bb2 d4 10. Nxh4 Qxh4 11. Bxc6+ bxc6 12. Qe1 Qd8 13. d3 Qd5 14. Rg1 h5 15. Nd2 hxg4 16. hxg4 Ne7 17. Qf2 c5 18. Nc4 Nc6 19. Qf3 0-0-0 20. Qxd5 Rxd5 21. e4 Rdd8 22. Kg2 Rh4 23. Kg3 Rdh8 24. a4 Kd7 25. Rg2 Nb4 26. Kf3 Rh3+ 27. Kf4 Rh2 28. Rag1 Nxc2 29. Rxh2 Rxh2 30. Ba3 Nxa3 31. Nxa3 Rf2+ 32. Kg5 Rd2 33. Rc1 Rxd3 34. Rxc5 Bxe4 35. Nb5 c6 36. Nxa7 Rc3 37. b4 Rxc5 0-1

[Event "BCF-ch Major"]
[Site "Hull"]
[Date "2024.07.28"]
[Round "2"]
[White "Chris Biju, Calvin"]
[Black "Twisk, Sebastian"]
[Result "1-0"]
[WhiteElo "2008"]
[BlackElo "1802"]
[PlyCount "77"]
[EventDate "2024.07.27"]
[EventType "swiss"]
[EventRounds "9"]
[EventCountry "ENG"]
[SourceTitle "CB32_2024"]
[SourceDate "2024.08.08"]
[SourceVersion "1"]
[SourceVersionDate "2024.08.08"]
[SourceQuality "1"]

1. f4 d5 2. b3 c5 3. Nf3 Nc6 4. e3 Nf6 5. Bb5 Qc7 6. Bb2 e6 7. 0-0 Bd7 8. Qe1 0-0-0 9. d3 a6 10. Bxc6 Bxc6 11. Ne5 Bd6 12. Nd2 Ne8 13. Rc1 f6 14. Nxc6 Qxc6 15. c4 e5 16. fxe5 fxe5 17. d4 exd4 18. exd4 Nf6 19. b4 Rhe8 20. Qd1 Ne4 21. Nxe4 dxe4 22. bxc5 Bc7 23. Qg4+ Kb8 24. Rfe1 h5 25. Qh3 g5 26. Qa3 Bf4 27. d5 Qg6 28. Rc2 h4 29. Bd4 Qf5 30. Rb2 h3 31. g3 e3 32. Qxa6 Re7 33. c6 Rdd7 34. cxd7 Rxd7 35. Reb1 Bxg3 36. Rxb7+ Kc8 37. Rxd7+ Kxd7 38. Qe6+ Qxe6 39. dxe6+ 1-0